000 00654nam a2200169 i 4500
001 182074
003 ES-MaACL
005 20250831130009.0
008 130529s2012 sp |||| | spa d
100 1 _aMarchante Gil, Armando.
_9152816
245 1 0 _aEscepticismo, relativismo, laicismo
_b: 10ª Conferencia del Ciclo 2012 celebrada en la Sala Tesis de la Universidad CEU-San Pablo.. Madrid 14 de noviembre 2012 /
_cArmando Marchante Gil.
260 _aMadrid :
_bAsociación Española de Militares Escritores,
_c[2012?]
300 _a23 p. ;
_c21 cm.
650 7 _aLaicismo
_2embne
_914048
852 _aES-MaACL
_j2114-F-23
999 _c182074
_d182074